00393nam a2200169Ia 450000500170000000800410001702000170005804000190007504100120009408200150010624500180012126000290013930000150016844000180018365000120020185000100021320241105114553.0131103s9999 xx 000 0 und d a033392 204 2 aLoreto College aEnglish a900/NbFEL aDown the ages aChennaibMacmillanc1998 a56pb ill. aKonica felton aHistory aLCBED